000
00278nam a22001097a 4500
008
170110b xxu||||| |||| 00| 0 eng d
020
_a
9781616691127
041
_a
eng
080
_a
618.2
245
_a
PEDIATRIC ADVANCED LIFE SUPPORT
_c
AMERICAN HEART ASSOCIATION
942
_2
udc
_c
BK
999
_c
2628
_d
2628